Teatro crítico universal I

Sábháilte in:
Sonraí bibleagrafaíochta
Príomhchruthaitheoir: Feijóo, Benito Jerónimo
Formáid: LEABHAR
Teanga:Undetermined
Foilsithe / Cruthaithe: Madrid, España Ediciones de lectura 1923
Ábhair:
Clibeanna: Cuir clib leis
Níl clibeanna ann, Bí ar an gcéad duine le clib a chur leis an taifead seo!

MARC

LEADER 00000nam a2200000Ia 4500
008 170316s9999 xx 000 0 und d
040 |a cru BVZT 
090 |a 862 E-14t v.1 
100 |a Feijóo, Benito Jerónimo 
245 |a Teatro crítico universal I 
260 |a Madrid, España 
260 |b Ediciones de lectura 
260 |c 1923 
300 |a 335 páginas 
650 |a LITERATURA ESPAÑOLA 
999 |c 9816  |d 9816 
942 |c 15 D  |h 862 E-14t v.1  |2 z